Statistics for Top 15 Shortest Living U.S. Presidents

Click here to take the quiz!

General Stats

  • This quiz has been taken 24 times
  • The average score is 8 of 15

Answer Stats

Age at DeathAnswer% Correct
46 Years, 177 daysJohn F. Kennedy
100%
56 years, 62 daysAbraham Lincoln
81%
49 Years, 304 daysJames A. Garfield
76%
53 Years, 225 daysJames K. Polk
57%
64 years, 319 daysFranklin Pierce
52%
58 years, 228 daysWilliam McKinley
52%
65 years, 227 daysZachary Taylor
48%
60 years, 185 daysCalvin Coolidge
38%
63 years, 72 daysFranklin D. Roosevelt
38%
60 years, 71 daysTheodore Roosevelt
38%
63 years, 87 daysUlysses S. Grant
38%
57 years, 273 daysWarren G. Harding
38%
66 years, 214 daysAndrew Johnson
33%
57 years, 44 daysChester A. Arthur
33%
64 years, 148 daysLyndon B. Johnson
29%

Score Distribution

Percentile by Number Answered

Percent of People with Each Score

Your Score History

You have not taken this quiz